Medio ambiente y desarrollo en América Latina

Salvato in:
Dettagli Bibliografici
Altri autori: Navarro García, J. Raul, Díaz del Olmo, Fernando
Natura: Libro
Lingua:spagnolo
Pubblicazione: Madrid CSIC 1999
Serie:Difusion y estudio
Soggetti:
Tags: Aggiungi Tag
Nessun Tag, puoi essere il primo ad aggiungerne!!

MARC

LEADER 00000nam a2200000 4500
001 c131687
005 20221221082940.1
020 |a 84-00-07962-0 
041 0 |a spa 
044 |a ES 
245 1 0 |a Medio ambiente y desarrollo en América Latina  |c J. Raul Navarro García, Fernando Díaz del Olmo (Coords.) 
264 1 |a Madrid  |b CSIC  |c 1999 
300 |a 244 s. 
490 1 |a Difusion y estudio 
830 0 |a Difusion y estudio 
610 2 0 |a prostredie životné 
610 2 0 |a ochrana prostredia životného 
610 2 0 |a Latinská Amerika 
610 2 0 |a ruch cestovný 
700 1 |a Navarro García, J. Raul 
700 1 |a Díaz del Olmo, Fernando